|
|
|
|
| LEADER |
00000nam0a2200000 4500 |
| 001 |
356423 |
| 005 |
20231102010907.0 |
| 035 |
|
|
|a (RuTPU)RU\TPU\retro\13683
|
| 090 |
|
|
|a 356423
|
| 100 |
|
|
|a 20200720d1977 k y0rusy50 ca
|
| 101 |
0 |
|
|a rus
|
| 102 |
|
|
|a RU
|
| 105 |
|
|
|a a z 001zy
|
| 200 |
1 |
|
|a Массообменные процессы в химических реакторах и аппаратах разделения
|e сборник научных трудов
|f Государственный институт прикладной химии
|
| 210 |
|
|
|a Ленинград
|c [Б. и.]
|d 1977
|
| 215 |
|
|
|a 78 с.
|c ил.
|
| 320 |
|
|
|a Библиография в конце статей
|
| 606 |
|
|
|a Массообмен в химической технологии
|2 stltpush
|3 (RuTPU)RU\TPU\subj\41158
|9 60973
|
| 610 |
1 |
|
|a фазовые равновесия
|
| 610 |
1 |
|
|a массообменные аппараты
|
| 610 |
1 |
|
|a гидродинамические процессы
|
| 610 |
1 |
|
|a аппараты колонного типа
|
| 610 |
1 |
|
|a массопередача
|
| 610 |
1 |
|
|a нестационарность
|
| 675 |
|
|
|a 66.021.3
|v 4
|
| 712 |
0 |
2 |
|a Государственный институт прикладной химии
|c (Ленинград)
|c (1925-1992)
|2 stltpush
|3 (RuTPU)RU\TPU\col\1662
|9 23585
|
| 801 |
|
1 |
|a RU
|b 63413507
|c 20200720
|
| 801 |
|
2 |
|a RU
|b 63413507
|c 20210203
|g RCR
|
| 942 |
|
|
|c BK
|